Поезія Ліни Костенко в часах перехідних і вічних (Запис № 326694)

МАРК-запис
000 -Лідер
fixed length control field 00906nam a22002537a 4500
001 - Контрольний номер
control field 40569
003 - Ідентифікатор контрольного номера
control field UA-OsUOA
005 - Дата та час останнього входження (трансакції)
control field 20230814105318.0
007 - Фіксоване поле фізичного опису
fixed length control field ta
008 - Елементи даних фіксованої довжини – загальна інформація
fixed length control field 20060811b un ||||| |||| 00| 0 ukr d
020 ## - Міжнародний стандартний книжковий номер (ISBN)
Міжнародний стандартний книжковий номер (ISBN) (НП) 9665183176
040 ## - Джерело каталогізації
Агенція оригінальної каталогізації UA-OsUOA
Мова каталогізації ukr
Агенція, яка здійснювала перезапис UA-OsUOA
Агенція, яка здійснювала модифікацію UA-OsUOA
041 ## - Код мови
Код мови тексту/ звукової доріжки чи окремого заголовка (П) ukr
080 ## - Індекс Універсальної десяткової класифікації
Індекс Універсальної десяткової класифікації (УДК) (НП) 821.161.2
090 ## - Локальний шифр розміщення
Класифікаційний індекс УДК 821.161.2
Авторський знак (НП) П45
245 ## - Відомості про назву
Назва (НП) Поезія Ліни Костенко в часах перехідних і вічних
Решта назви (НП) матеріали круглого столу 18 березня 2005
Дані про відповідальність (НП) ред.-упоряд. Т. В. Шаповаленко
260 ## - Публікація, розповсюдження і т.п. (Вихідні дані)
Місце публікації, розповсюдження і т.п. (П) К.
Ім’я/ наймення видавництва, розповсюджувача і т.п. (П) КМА
Дата публікації, розповсюдження і т.п. (П) 2005
300 ## - Фізичний опис
Обсяг 105 с.
Інші фізичні характеристики (НП) іл.
650 #7 - Додаткове предметне введення – тематичний термін
Тематичний термін чи географічна назва, як елемент введення (НП) 82 Література. Літературознавство
Джерело заголовка чи терміна UDC
700 1# - Додаткове введення – ім'я особи
Ім’я особи (НП) Шаповаленко Т. В.
Термін відношення ред.
942 ## - Додаткові елементи входу (Коха)
Тип елемента Koha Книги
Source of classification or shelving scheme Universal Decimal Classification
955 ## - Код типу видання за змістом
Код типу видання за змістом (НП) Навчальні видання
Фонди
Стан вилучень Стан втрат Джерело класифікації або схеми стелажів Стан уражень Не для кредиту Постійне місце розташування Поточне розміщення Дата придбання Джерело придбання Вартість, звичайна ціна покупки Інвентарний номер Усього замовленно Штрих-код Дата останнього перегляду Ціна ефективна від Тип елемента Koha Повний номер виклику Вартість, ціна заміни
    Universal Decimal Classification     АБ - Абонемент НБ АБ - Абонемент НБ 11/08/2006 84/2006 6.94 98041   98041 29/03/2022 11/08/2006 Книги 82.161.2 П45  
    Universal Decimal Classification     АБ - Абонемент НБ АБ - Абонемент НБ 11/08/2006 84/2006 6.94 98042   98042 29/03/2022 11/08/2006 Книги 82.161.2 П45  
    Universal Decimal Classification     АБ - Абонемент НБ АБ - Абонемент НБ 11/08/2006 84/2006 6.94 98043   98043 29/03/2022 11/08/2006 Книги 82.161.2 П45  
    Universal Decimal Classification     АБ - Абонемент НБ АБ - Абонемент НБ 11/08/2006 84/2006 6.94 98044   98044 29/03/2022 11/08/2006 Книги 82.161.2 П45  
    Universal Decimal Classification     АБ - Абонемент НБ АБ - Абонемент НБ 11/08/2006 84/2006 6.94 98045   98045 29/03/2022 11/08/2006 Книги 82.161.2 П45  
    Universal Decimal Classification     АБ - Абонемент НБ АБ - Абонемент НБ 01/07/2008 83/2008 19.20 113770   113770 29/03/2022 01/07/2008 Книги 82.09(477) П45  
    Universal Decimal Classification     АБ - Абонемент НБ АБ - Абонемент НБ 01/07/2008 83/2008 19.20 113771   113771 29/03/2022 01/07/2008 Книги 82.09(477) П45  
    Universal Decimal Classification     АБ - Абонемент НБ АБ - Абонемент НБ 01/07/2008 83/2008 19.20 113772   113772 29/03/2022 01/07/2008 Книги 82.09(477) П45  
    Universal Decimal Classification     АБ - Абонемент НБ АБ - Абонемент НБ 05/04/2023 №11/05.04.2023 15.00     165761 05/04/2023 05/04/2023 Книги 82.161.2 П45 15.00
    Universal Decimal Classification     ЧЗ - Читальна зала ЧЗ - Читальна зала 25/04/2006 41/2006 6.00 96135   96135 09/02/2022 25/04/2006 Книги    
    Universal Decimal Classification     ЧЗ - Читальна зала ЧЗ - Читальна зала 12/02/2019 6/2019 10.00 160932   160932 09/02/2022 11/08/2006 Книги 821.161.2 П45